[Event "11th LCC FIDE Open 2019"]
[Site "London"]
[Date "2019.12.05"]
[Round "8.40"]
[White "Marzano, Carlo"]
[Black "Millward, Kevin P"]
[Result "0-1"]
[WhiteElo "2128"]
[BlackElo "1972"]
[Annotator "TA"]
[PlyCount "176"]
[EventDate "2019.11.29"]
[EventType "swiss"]
[EventCountry "ENG"]
[SourceTitle "playchess.com"]
[Source "ChessBase"]
[SourceQuality "1"]

{[%evp 9,176,39,57,38,84,59,62,56,71,60,70,40,44,41,40,21,91,91,106,57,79,38,112,110,105,105,111,109,112,105,106,105,116,122,128,127,127,127,132,131,247,197,270,226,474,458,411,126,338,305,306,42,279,263,336,0,142,0,332,268,495,276,277,196,268,268,312,268,268,267,263,243,276,156,141,111,73,0,0,0,170,0,0,0,0,0,79,0,97,0,0,0,68,0,0,0,0,0,0,0,0,0,0,0,0,0,0,0,0,0,120,0,76,-149,-57,-83,0,0,0,-128,0,0,0,-657,-657,-657,-650,-648,-572,-2301,-1840,-1398,-29972,-29971,-29973,-29972,-29973,-29969,-29973,-29973,-5065,-6199,-6079,-29982,-29983,-29983,-29984,-29984,-29985,-29985,-29986,-29986,-29984,-29983,-29984,-29984,-29985,-29985,-29986,-29986,-29987,-29987,-29988,-29988,-29988,-29988,-29989,-29989,-29990]} 1. d4 d6 2. Nf3 g6 3. c4 Bg7 4. Nc3 Nc6 5. d5 Nb8 (5... Ne5 6. Nxe5 Bxe5 7. e4 Nf6 8. Bd3 O-O 9. O-O e6 10. h3 exd5 11. cxd5 Nh5 12. f4 Bd4+ 13. Kh2 Qh4 14. Qe1 Qxe1 15. Rxe1 {0-1 (47) Akobian,V (2625)-Nakamura,H (2746) Saint Louis 2019}) 6. e4 {A41: 1 d4 d6: Tartakower System and Modern Defence} e5 7. Be2 Ne7 8. h4 {White is slightly better.} h6 9. h5 g5 $1 10. Be3 $146 ({Predecessor:} 10. Nd2 f5 11. exf5 Bxf5 12. Nde4 Nd7 13. Ng3 {1-0 (73) Tratar,M (2499)-Bajramovic,H (2208) Pula 2006}) 10... f5 11. exf5 Nxf5 12. Ne4 Nxe3 (12... O-O $11) 13. fxe3 $16 Nd7 14. Nfd2 O-O 15. Bg4 Nf6 (15... c6 $14) 16. Bxc8 Rxc8 17. O-O Qd7 18. Nxf6+ Bxf6 19. Ne4 Bg7 20. Qe2 Rxf1+ 21. Rxf1 Rf8 22. Rxf8+ Kxf8 23. Qf3+ Ke7 24. b3 c5 (24... Ke8 $16 25. Ng3 a6) 25. Kh2 a6 (25... Kd8 $142 26. g4 a6) 26. Kg3 b5 $2 (26... Kd8 27. Qg4 Bf8) 27. Qg4 $18 bxc4 28. bxc4 $2 (28. Qxd7+ $18 {and White stays clearly on top.} Kxd7 29. bxc4) 28... Bf8 $2 (28... Qxg4+ $16 {was worth a try.} 29. Kxg4 Bf8) 29. Qf3 Bg7 30. Nc3 $2 (30. Qf1 $18 {Black must now prevent Qb1.} a5 31. Qb1) 30... Kd8 $2 (30... e4 $1 $14 31. Qxe4+ (31. Nxe4 $2 Be5+ 32. Kf2 g4 $19) 31... Kd8) 31. Qe4 Qf7 32. Qf3 (32. Qb1 $18) 32... Qd7 $16 33. Ne4 $2 (33. e4 $16) 33... Ke7 $1 $18 34. Qf1 Qe8 $2 (34... a5 35. Qb1 Bf8) 35. Kg4 (35. Qb1 $142) 35... Qa4 36. Qe2 a5 (36... Bf8 {keeps fighting.} 37. Qf1 Qd7+ 38. Kg3 Bg7) 37. Kh3 Bf8 38. Ng3 Kd8 39. Nf5 Qb4 40. Qf1 {Strongly threatening Nxh6!} Qc3 41. Ng3 (41. Kh2 $18) 41... Be7 $16 42. Qe2 a4 43. Kg4 (43. e4 $16) 43... a3 $11 44. Kf5 {White wants to play Kg6.} Qb2 $2 (44... e4 $1 $11 {and Black is okay.}) 45. Ke4 $2 (45. e4 $1 $18) 45... Qb1+ 46. Kf3 Bf6 47. Qd2 Qb4 (47... e4+ $11 48. Kg4 Be5) 48. Qc2 (48. Ne4 $1 $16) 48... Be7 (48... e4+ $11 {remains equal.} 49. Kxe4 (49. Nxe4 Qb2 $14) (49. Qxe4 Be5 $11) 49... g4) 49. Ne4 ({White should play} 49. Ke2 $16) 49... Qe1 $1 50. Nf2 Qb4 (50... g4+ $11 51. Nxg4 Bg5) 51. g4 (51. Ke2 $14) 51... Qb2 52. Qe2 Qb1 53. Qd2 {Qa5+ is the strong threat.} Ke8 ({Much weaker is} 53... Qf1 54. e4 $16) 54. e4 Bd8 55. Ke3 Bb6 56. Ke2 Kd7 57. Nd3 Qh1 58. Nf2 $1 {[%cal Rf2h1]} Qb1 59. Kf3 Qb4 (59... Ke7 $11) 60. Qe2 (60. Qc2 $1 $16) 60... Ba5 (60... Qb1 $11) 61. Nh1 $2 (61. Qc2 $1 $16) 61... Qc3+ $17 62. Kg2 {[#]} Qd4 ({Black should try} 62... Qb2 $1 $17 {[%cal Rb2e2]} 63. Kf3 Kd8) 63. Ng3 $11 Qb2 $36 {[%mdl 2048] And now ...Be1 would win. Black is more active.} 64. Kf1 {[#]} (64. Kf3 $1 $11 {was the only way to keep the balance.}) 64... Qb1+ (64... Kd8 $1 $17 65. Qf2 Qb1+ 66. Kg2 Qb2) 65. Kf2 Bc3 66. Qf3 $2 {[%mdl 8192]} (66. Kg2 $11) 66... Qxa2+ $19 67. Ne2 Bd4+ $1 68. Kg3 Kc7 69. Qf7+ {[#]} Kb6 $1 70. Qd7 Qxc4 ({Worse is} 70... Qxe2 71. Qd8+ Kb7 72. Qd7+ Ka8 73. Qc6+ Kb8 74. Qxd6+ Ka7 75. Qc7+ Ka8 76. Qc6+ Kb8 77. Qb6+ Kc8 78. Qc6+ Kb8 79. Qe8+ Kc7 80. Qc6+ Kd8 81. Qb6+ Ke8 82. Qe6+ Kd8 83. Qf6+ Ke8 84. Qe6+ Kf8 85. Qf6+ Kg8 86. Qg6+ Kh8 87. Qe8+ Kh7 88. Qg6+ Kh8 89. Qxh6+ Kg8 90. Qxg5+ Kh8 91. Qf6+ Kg8 92. Qe6+ Kh8 93. Qe8+ Kh7 94. Qg6+ Kh8 95. Qe8+ Kh7 96. Qg6+ Kh8 97. Qe8+ $11) (70... Qb3+ $19 71. Kg2 a2 72. Qd8+ Kb7 73. Qd7+ Ka6 74. Qxd6+ Qb6) 71. Qxd6+ Ka5 72. Nxd4 Qxd4 {[%mdl 4096] Endgame KQ-KQ} 73. Qc7+ Kb4 74. Qb6+ Kc3 (74... Kc4 $142 75. Qa6+ Kb4 76. Qb6+ Kc3 77. d6 Qg1+ 78. Kf3 Qh1+ 79. Kg3 Qh4+ 80. Kg2 Qxg4+ 81. Kf2 Qh4+ 82. Kg1 Qg4+ 83. Kf2 Qh4+ 84. Kf1 Qh3+ 85. Kf2 Qh4+) 75. Qa5+ Qb4 76. Qxb4+ cxb4 {KP-KP. Black mates.} 77. d6 a2 78. d7 a1=Q 79. d8=Q {KQ-KQ} Qg1+ 80. Kf3 Qh1+ 81. Ke3 Qh3+ 82. Kf2 Qh2+ 83. Ke1 Qg1+ 84. Ke2 Qxg4+ 85. Kf2 Qf4+ 86. Kg1 Qg3+ 87. Kh1 Qe1+ 88. Kh2 Qd2+ {Accuracy: White = 44%, Black = 49%.} 0-1

[Event "11th LCC FIDE Open 2019"]
[Site "London"]
[Date "2019.12.05"]
[Round "8.41"]
[White "Makkar, Rajat"]
[Black "AuYeung, Chi Hung Jonathan"]
[Result "1-0"]
[WhiteElo "2125"]
[BlackElo "1770"]
[Annotator "NA"]
[PlyCount "105"]
[EventDate "2019.11.29"]
[EventType "swiss"]
[EventCountry "ENG"]
[SourceTitle "playchess.com"]
[Source "ChessBase"]
[SourceQuality "1"]
[TimeControl "40/5400+30:1800+30"]

1. d4 {[%emt 0:00:00]} c5 {[%emt 0:00:00]} 2. d5 {[%emt 0:00:07]} Nf6 {[%emt 0:00:00]} 3. c4 {[%emt 0:00:26]} e6 {[%emt 0:00:00]} 4. Nc3 {[%emt 0:00:17]} exd5 {[%emt 0:00:02]} 5. cxd5 {[%emt 0:00:18]} d6 {[%emt 0:00:06]} 6. Nf3 {[%emt 0:00:22]} g6 {[%emt 0:00:15]} 7. g3 {[%emt 0:00:13]} Bg7 {[%emt 0:00:48]} 8. Bg2 {[%emt 0:00:16]} O-O {[%emt 0:00:09]} 9. O-O {[%emt 0:00:18]} Re8 {[%emt 0:01:28]} 10. Nd2 {[%emt 0:00:36]} Nbd7 {[%emt 0:04:55]} 11. h3 {[%emt 0:00:38]} a6 {[%emt 0:04:34]} 12. a4 {[%emt 0:00:16]} Rb8 {[%emt 0:02:50]} 13. Nc4 {[%emt 0:00:23]} Ne5 {[%emt 0:00:55]} 14. Na3 {[%emt 0:00:12]} c4 {[%emt 0:20:09]} 15. e4 {[%emt 0:11:50]} Qc7 {[%emt 0:00:50]} 16. Be3 {[%emt 0:03:06]} Nd3 {[%emt 0:02:21]} 17. b3 {[%emt 0:16:36]} Nd7 {[%emt 0:08:03]} 18. Nxc4 {[%emt 0:03:14]} Bxc3 {[%emt 0:03:43]} 19. Qxd3 {[%emt 0:00:14]} Bxa1 {[%emt 0:01:25]} 20. Rxa1 {[%emt 0:00:29]} Nc5 {[%emt 0:02:53]} 21. Qc2 {[%emt 0:03:37]} Nxe4 {[%emt 0:10:27]} 22. Bxe4 {[%emt 0:02:05]} b5 {[%emt 0:01:49]} 23. axb5 {[%emt 0:01:15]} axb5 {[%emt 0:08:40]} 24. Nd2 {[%emt 0:03:06]} Qxc2 {[%emt 0:04:14]} 25. Bxc2 {[%emt 0:00:12]} Re5 {[%emt 0:03:00]} 26. Bf4 {[%emt 0:03:10]} Rxd5 {[%emt 0:03:21]} 27. Ne4 {[%emt 0:00:25]} Kg7 {[%emt 0:01:57]} 28. Nxd6 {[%emt 0:00:57]} Bxh3 {[%emt 0:04:08]} 29. Be4 {[%emt 0:01:26]} Rh5 {[%emt 0:03:17]} 30. Bf3 {[%emt 0:00:46]} Rc5 {[%emt 0:01:08]} 31. Ne4 {[%emt 0:01:12]} Rcc8 {[%emt 0:02:19]} 32. Bxb8 {[%emt 0:01:31]} Rxb8 {[%emt 0:00:08]} 33. Ng5 {[%emt 0:01:02]} Be6 {[%emt 0:02:11]} 34. Nxe6+ {[%emt 0:00:20]} fxe6 {[%emt 0:00:01]} 35. Ra7+ {[%emt 0:00:38]} Kh6 {[%emt 0:00:20]} 36. b4 {[%emt 0:00:19]} e5 {[%emt 0:01:14]} 37. Re7 {[%emt 0:00:49]} Rf8 {[%emt 0:01:04]} 38. Bc6 {[%emt 0:00:26]} Kg5 {[%emt 0:01:03]} 39. Rxe5+ {[%emt 0:00:15]} Kg4 {[%emt 0:00:20]} 40. Bd7+ {[%emt 0:00:20]} Rf5 {[%emt 0:00:28]} 41. Rxb5 {[%emt 0:30:32]} h5 {[%emt 0:30:14]} 42. Kg2 {[%emt 0:00:15]} h4 {[%emt 0:00:16]} 43. Bxf5+ {[%emt 0:00:08]} gxf5 {[%emt 0:00:11]} 44. gxh4 {[%emt 0:00:25]} f4 {[%emt 0:00:12]} 45. h5 {[%emt 0:00:10]} f3+ {[%emt 0:00:05]} 46. Kh2 {[%emt 0:00:28]} Kf4 {[%emt 0:00:05]} 47. h6 {[%emt 0:00:11]} Ke4 {[%emt 0:00:08]} 48. h7 {[%emt 0:00:16]} Kd3 {[%emt 0:00:06]} 49. h8=Q {[%emt 0:00:10]} Ke2 {[%emt 0:00:06]} 50. Qd4 {[%emt 0:00:46]} Kf1 {[%emt 0:00:12]} 51. Rc5 {[%emt 0:00:14]} Ke2 {[%emt 0:00:14]} 52. Qe3+ {[%emt 0:00:10]} Kf1 {[%emt 0:00:09]} 53. Rc1# {[%emt 0:00:09]} 1-0

[Event "11th LCC FIDE Open 2019"]
[Site "London"]
[Date "2019.12.05"]
[Round "8.42"]
[White "Kuzhelev, Timur"]
[Black "Bates, Caspar J"]
[Result "0-1"]
[WhiteElo "1745"]
[BlackElo "2120"]
[Annotator "NA"]
[PlyCount "78"]
[EventDate "2019.11.29"]
[EventType "swiss"]
[EventCountry "ENG"]
[SourceTitle "playchess.com"]
[Source "ChessBase"]
[SourceQuality "1"]
[TimeControl "40/5400+30:1800+30"]

1. e4 {[%emt 0:00:00]} e5 {[%emt 0:00:00]} 2. Nc3 {[%emt 0:00:00]} Nf6 {[%emt 0:00:32]} 3. f4 {[%emt 0:00:00]} d5 {[%emt 0:00:27]} 4. fxe5 {[%emt 0:01:00]} Nxe4 {[%emt 0:00:14]} 5. Nf3 {[%emt 0:00:03]} Be7 {[%emt 0:05:32]} 6. d3 {[%emt 0:02:00]} Nxc3 {[%emt 0:01:11]} 7. bxc3 {[%emt 0:00:05]} O-O {[%emt 0:05:58]} 8. Be2 {[%emt 0:00:14]} f6 {[%emt 0:01:39]} 9. exf6 {[%emt 0:00:12]} Bxf6 {[%emt 0:00:03]} 10. d4 {[%emt 0:00:05]} Nc6 {[%emt 0:13:26]} 11. O-O {[%emt 0:01:08]} Bg4 {[%emt 0:11:20]} 12. Bf4 {[%emt 0:05:03]} Na5 {[%emt 0:05:30]} 13. Ne5 {[%emt 0:01:38]} Bxe2 {[%emt 0:05:02]} 14. Qxe2 {[%emt 0:00:04]} Qe8 {[%emt 0:02:04]} 15. Rae1 {[%emt 0:00:20]} Bxe5 {[%emt 0:07:45]} 16. Bxe5 {[%emt 0:00:15]} Qd7 {[%emt 0:02:01]} 17. Rxf8+ {[%emt 0:03:58]} Rxf8 {[%emt 0:00:29]} 18. Rf1 {[%emt 0:00:03]} Rxf1+ {[%emt 0:05:09]} 19. Kxf1 {[%emt 0:00:03]} c6 {[%emt 0:01:17]} 20. g4 {[%emt 0:01:27]} Qe6 {[%emt 0:05:14]} 21. h4 {[%emt 0:02:28]} Nc4 {[%emt 0:00:44]} 22. Kg2 {[%emt 0:00:11]} a6 {[%emt 0:04:47]} 23. Kg3 {[%emt 0:00:36]} Nd6 {[%emt 0:02:26]} 24. Qf3 {[%emt 0:02:31]} Ne4+ {[%emt 0:00:17]} 25. Kg2 {[%emt 0:00:28]} b5 {[%emt 0:02:39]} 26. h5 {[%emt 0:02:59]} g6 {[%emt 0:03:24]} 27. h6 {[%emt 0:00:29]} Qe7 {[%emt 0:02:24]} 28. Bg7 {[%emt 0:00:54]} Ng5 {[%emt 0:01:19]} 29. Qf2 {[%emt 0:02:32]} Qe4+ {[%emt 0:02:50]} 30. Kh2 {[%emt 0:00:06]} Ne6 {[%emt 0:00:31]} 31. Be5 {[%emt 0:00:49]} Qxg4 {[%emt 0:01:41]} 32. Bg7 {[%emt 0:02:58]} Qf4+ {[%emt 0:01:34]} 33. Qxf4 {[%emt 0:00:30]} Nxf4 {[%emt 0:00:02]} 34. Kg3 {[%emt 0:00:09]} Ne2+ {[%emt 0:00:12]} 35. Kg4 {[%emt 0:00:05]} Kf7 {[%emt 0:00:14]} 36. c4 {[%emt 0:00:11]} bxc4 {[%emt 0:01:12]} 37. Kf3 {[%emt 0:00:06]} Nc3 {[%emt 0:00:34]} 38. Kf4 {[%emt 0:00:32]} Ke6 {[%emt 0:00:34]} 39. a3 {[%emt 0:00:03]} Nb5 {[%emt 0:01:05]} 0-1

[Event "11th LCC FIDE Open 2019"]
[Site "London"]
[Date "2019.12.05"]
[Round "8.43"]
[White "Pollack, Oscar"]
[Black "Ahn, Sungmin"]
[Result "1-0"]
[WhiteElo "2112"]
[BlackElo "1780"]
[Annotator "NA"]
[PlyCount "93"]
[EventDate "2019.11.29"]
[EventType "swiss"]
[EventCountry "ENG"]
[SourceTitle "playchess.com"]
[Source "ChessBase"]
[SourceQuality "1"]
[TimeControl "40/5400+30:1800+30"]

1. e4 {[%emt 0:01:24]} c5 {[%emt 0:00:00]} 2. Nf3 {[%emt 0:00:03]} e6 {[%emt 0:00:00]} 3. d4 {[%emt 0:00:04]} cxd4 {[%emt 0:00:00]} 4. Nxd4 {[%emt 0:00:05]} a6 {[%emt 0:00:00]} 5. Bd3 {[%emt 0:00:04]} Nf6 {[%emt 0:00:00]} 6. O-O {[%emt 0:00:28]} Qc7 {[%emt 0:00:00]} 7. Qe2 {[%emt 0:01:01]} d6 {[%emt 0:01:24]} 8. c4 {[%emt 0:00:23]} Nbd7 {[%emt 0:01:17]} 9. Nc3 {[%emt 0:00:32]} Ne5 {[%emt 0:05:00]} 10. f4 {[%emt 0:05:24]} Nxd3 {[%emt 0:00:50]} 11. Qxd3 {[%emt 0:00:01]} Be7 {[%emt 0:07:58]} 12. h3 {[%emt 0:05:01]} h5 {[%emt 0:07:37]} 13. f5 {[%emt 0:03:02]} e5 {[%emt 0:11:39]} 14. Nc2 {[%emt 0:00:25]} Bd7 {[%emt 0:00:59]} 15. Bg5 {[%emt 0:01:18]} Bc6 {[%emt 0:00:59]} 16. Bxf6 {[%emt 0:00:34]} Bxf6 {[%emt 0:00:32]} 17. Kh1 {[%emt 0:00:37]} Bg5 {[%emt 0:02:09]} 18. Nb4 {[%emt 0:01:07]} Rc8 {[%emt 0:20:55]} 19. b3 {[%emt 0:00:57]} h4 {[%emt 0:01:01]} 20. Rfd1 {[%emt 0:01:29]} Rh6 {[%emt 0:01:44]} 21. Nbd5 {[%emt 0:00:53]} Qd8 {[%emt 0:04:08]} 22. a4 {[%emt 0:01:03]} Kf8 {[%emt 0:01:25]} 23. a5 {[%emt 0:00:20]} Qe8 {[%emt 0:05:35]} 24. Nb6 {[%emt 0:02:14]} Rb8 {[%emt 0:01:06]} 25. b4 {[%emt 0:00:26]} Bd8 {[%emt 0:00:59]} 26. Nbd5 {[%emt 0:01:08]} Ra8 {[%emt 0:05:55]} 27. Ne3 {[%emt 0:03:12]} Bc7 {[%emt 0:01:30]} 28. b5 {[%emt 0:01:36]} Bd7 {[%emt 0:02:10]} 29. b6 {[%emt 0:01:20]} Bd8 {[%emt 0:01:16]} 30. Ng4 {[%emt 0:00:13]} Bc6 {[%emt 0:02:12]} 31. Nxh6 {[%emt 0:00:06]} gxh6 {[%emt 0:00:01]} 32. Qxd6+ {[%emt 0:00:28]} Kg7 {[%emt 0:00:10]} 33. Nd5 {[%emt 0:01:58]} Rc8 {[%emt 0:00:50]} 34. f6+ {[%emt 0:00:35]} Kh7 {[%emt 0:00:30]} 35. Rf1 {[%emt 0:00:49]} Bxd5 {[%emt 0:01:11]} 36. cxd5 {[%emt 0:00:49]} Rc2 {[%emt 0:00:11]} 37. Qa3 {[%emt 0:01:32]} Qg8 {[%emt 0:00:15]} 38. Qf3 {[%emt 0:00:06]} Kh8 {[%emt 0:00:43]} 39. Qg4 {[%emt 0:00:32]} Qxg4 {[%emt 0:00:26]} 40. hxg4 {[%emt 0:00:02]} Kh7 {[%emt 0:00:11]} 41. Rac1 {[%emt 0:30:12]} Rb2 {[%emt 0:31:55]} 42. Rc8 {[%emt 0:00:33]} Bxb6 {[%emt 0:00:06]} 43. axb6 {[%emt 0:00:01]} Rxb6 {[%emt 0:00:26]} 44. Rf5 {[%emt 0:00:22]} a5 {[%emt 0:00:12]} 45. Ra8 {[%emt 0:00:32]} Rb4 {[%emt 0:00:43]} 46. Rxe5 {[%emt 0:00:11]} a4 {[%emt 0:00:35]} 47. d6 {[%emt 0:00:04]} 1-0

[Event "11th LCC FIDE Open 2019"]
[Site "London"]
[Date "2019.12.05"]
[Round "8.44"]
[White "Ciocan, Maria-Alexandra"]
[Black "John, Joshua"]
[Result "1-0"]
[WhiteElo "2058"]
[BlackElo "1680"]
[Annotator "NA RC"]
[PlyCount "67"]
[EventDate "2019.11.29"]
[EventType "swiss"]
[EventCountry "ENG"]
[SourceTitle "playchess.com"]
[Source "ChessBase"]
[SourceQuality "1"]
[TimeControl "40/5400+30:1800+30"]

1. e4 {[%emt 0:01:27]} c5 {[%emt 0:00:00]} 2. Nf3 {[%emt 0:00:05]} Nc6 {[%emt 0:00:00]} 3. Bb5 {[%emt 0:00:10]} g6 {[%emt 0:03:54]} 4. Bxc6 {[%emt 0:00:18]} bxc6 {[%emt 0:00:12]} 5. O-O {[%emt 0:00:08]} Bg7 {[%emt 0:00:08]} 6. c3 {[%emt 0:00:35]} e5 {[%emt 0:03:55]} 7. Na3 {[%emt 0:04:09]} Ne7 {[%emt 0:04:25]} 8. d4 {[%emt 0:05:47]} cxd4 {[%emt 0:08:52]} 9. cxd4 {[%emt 0:04:02]} exd4 {[%emt 0:11:25]} 10. Nxd4 {[%emt 0:02:03]} O-O {[%emt 0:00:20]} 11. Re1 {[%emt 0:01:37]} Qb6 {[%emt 0:11:33]} 12. Nb3 {[%emt 0:04:25]} d5 {[%emt 0:07:31]} 13. Bg5 {[%emt 0:03:22]} f6 {[%emt 0:08:35]} 14. Be3 {[%emt 0:01:06]} Qc7 {[%emt 0:00:16]} 15. Bc5 {[%emt 0:09:23]} Rd8 {[%emt 0:10:48]} 16. exd5 {[%emt 0:13:53]} Nxd5 {[%emt 0:00:29]} 17. Nd4 {[%emt 0:00:39]} Bf8 {[%emt 0:04:18]} 18. Rc1 {[%emt 0:03:50]} Bxc5 {[%emt 0:03:05]} 19. Rxc5 {[%emt 0:00:05]} Bd7 {[%emt 0:00:11]} 20. Qc2 {[%emt 0:04:25]} Re8 {[%emt 0:03:51]} 21. Rd1 {[%emt 0:03:36]} Qe5 {[%emt 0:02:02]} 22. Qc1 {[%emt 0:02:42]} Rac8 {[%emt 0:04:24]} 23. Nc4 {[%emt 0:05:20]} Qe7 {[%emt 0:01:13]} 24. Na5 {[%emt 0:00:25]} Nf4 {[%emt 0:02:07]} 25. Qc4+ {[%emt 0:03:28]} Ne6 {[%emt 0:03:56]} 26. b4 {[%emt 0:02:36]} Kh8 {[%emt 0:00:52]} 27. Ndxc6 {[%emt 0:04:10]} Qf8 {[%emt 0:02:51]} 28. Rcd5 {[%emt 0:01:40]} Bxc6 {[%emt 0:00:22]} 29. Nxc6 {[%emt 0:00:06]} Nd8 {[%emt 0:00:54]} 30. b5 {[%emt 0:01:07]} Qf7 {[%emt 0:01:30]} 31. h3 {[%emt 0:02:14]} Nxc6 {[%emt 0:00:22]} 32. bxc6 {[%emt 0:00:09]} Qc7 {[%emt 0:00:07]} 33. Rd7 {[%emt 0:01:18]} Red8 {[%emt 0:01:08]} 34. Qf7 {[%emt 0:00:42]} 1-0

[Event "11th LCC FIDE Open 2019"]
[Site "London"]
[Date "2019.12.05"]
[Round "8.45"]
[White "Korning, Peter"]
[Black "Walker, Samuel A"]
[Result "0-1"]
[WhiteElo "1957"]
[BlackElo "2039"]
[Annotator "NA RC"]
[PlyCount "90"]
[EventDate "2019.11.29"]
[EventType "swiss"]
[EventCountry "ENG"]
[SourceTitle "playchess.com"]
[Source "ChessBase"]
[SourceQuality "1"]
[TimeControl "40/5400+30:1800+30"]

1. e4 {[%emt 0:00:00]} c5 {[%emt 0:00:00]} 2. d4 {[%emt 0:00:00]} cxd4 {[%emt 0:00:00]} 3. c3 {[%emt 0:00:00]} d3 {[%emt 0:00:32]} 4. Bxd3 {[%emt 0:00:00]} Nc6 {[%emt 0:00:04]} 5. c4 {[%emt 0:00:06]} Nf6 {[%emt 0:00:22]} 6. Nf3 {[%emt 0:00:45]} g6 {[%emt 0:00:37]} 7. O-O {[%emt 0:00:21]} d6 {[%emt 0:00:19]} 8. h3 {[%emt 0:00:09]} Bg7 {[%emt 0:00:26]} 9. Nc3 {[%emt 0:00:52]} O-O {[%emt 0:03:14]} 10. Be3 {[%emt 0:00:41]} Nd7 {[%emt 0:01:29]} 11. Rc1 {[%emt 0:02:35]} Nc5 {[%emt 0:05:43]} 12. Bb1 {[%emt 0:07:12]} Be6 {[%emt 0:11:43]} 13. b3 {[%emt 0:05:50]} Qa5 {[%emt 0:01:10]} 14. Qd2 {[%emt 0:16:05]} Rac8 {[%emt 0:02:59]} 15. Rfd1 {[%emt 0:04:03]} Rfd8 {[%emt 0:05:15]} 16. Nd5 {[%emt 0:04:44]} Qxd2 {[%emt 0:02:04]} 17. Rxd2 {[%emt 0:01:25]} Bxd5 {[%emt 0:11:19]} 18. exd5 {[%emt 0:01:56]} Nb4 {[%emt 0:10:27]} 19. Re2 {[%emt 0:15:06]} Rd7 {[%emt 0:00:45]} 20. Rce1 {[%emt 0:10:43]} Kf8 {[%emt 0:00:53]} 21. a3 {[%emt 0:03:23]} Nbd3 {[%emt 0:01:24]} 22. Bxd3 {[%emt 0:00:18]} Nxd3 {[%emt 0:00:03]} 23. Rd1 {[%emt 0:01:44]} Nc5 {[%emt 0:01:19]} 24. b4 {[%emt 0:01:43]} Na4 {[%emt 0:01:27]} 25. Rc2 {[%emt 0:02:55]} Rdc7 {[%emt 0:03:55]} 26. Rdc1 {[%emt 0:03:08]} Bb2 {[%emt 0:06:22]} 27. Rb1 {[%emt 0:00:29]} Bf6 {[%emt 0:02:01]} 28. Rbc1 {[%emt 0:00:39]} Nb2 {[%emt 0:04:34]} 29. Bxa7 {[%emt 0:03:31]} Rxc4 {[%emt 0:01:32]} 30. Rxc4 {[%emt 0:00:25]} Rxc4 {[%emt 0:01:43]} 31. Rxc4 {[%emt 0:01:31]} Nxc4 {[%emt 0:00:02]} 32. a4 {[%emt 0:00:17]} Bc3 {[%emt 0:02:02]} 33. b5 {[%emt 0:03:19]} Nb2 {[%emt 0:00:14]} 34. Ng5 {[%emt 0:00:51]} h6 {[%emt 0:03:42]} 35. Ne4 {[%emt 0:00:02]} Nxa4 {[%emt 0:00:27]} 36. Be3 {[%emt 0:03:41]} h5 {[%emt 0:01:07]} 37. Kf1 {[%emt 0:00:25]} f5 {[%emt 0:02:24]} 38. Ng5 {[%emt 0:01:00]} Bf6 {[%emt 0:03:42]} 39. Ne6+ {[%emt 0:00:35]} Ke8 {[%emt 0:00:36]} 40. Nf4 {[%emt 0:01:23]} Kf7 {[%emt 0:00:24]} 41. Ne6 {[%emt 0:31:02]} Ke8 {[%emt 0:39:51]} 42. Nf4 {[%emt 0:03:42]} Nc3 {[%emt 0:00:00]} 43. Nxg6 {[%emt 0:00:00]} Nxd5 {[%emt 0:00:00]} 44. Ke2 {[%emt 0:00:00]} Nxe3 {[%emt 0:00:00]} 45. fxe3 {[%emt 0:00:00]} e5 {[%emt 0:00:00]} 0-1